[Event "FRA-ch Youth 2017"]
[Site "Belfort"]
[Date "2017.04.23"]
[Round "9"]
[White "Bureau-Leroyer, Lola"]
[Black "Vernet, Solene"]
[Result "0-1"]
[WhiteElo "1635"]
[BlackElo "1863"]
[Annotator "NA RC"]
[PlyCount "58"]
[EventDate "2017.??.??"]
[EventCountry "FRA"]
[SourceTitle "playchess.com"]
[Source "ChessBase"]
[SourceQuality "1"]
[TimeControl "5400+30"]

{[%evp 8,58,18,10,7,32767,0,32767,22,49,32767,32767,74,-104,32767,-113,-91,-105,-49,-117,-90,-125,-109,-97,-136,-108,-101,-233,-105,-116,-111,-260,32767,32767,-214,32767,-339,-339,32767,-375,32767,-470,-292,-312,-285,-331,-330,-341,32767,-383,-398,-441,-471]} 1. Nf3 {[%emt 0:00:00]} Nf6 {[%emt 0:00:07]} 2. c4 {[%emt 0:00:00]} c5 {[%emt 0:00:10]} 3. b3 {[%emt 0:00:49]} d5 {[%emt 0:00:26]} 4. cxd5 {[%emt 0:01:42] A30: Symmetrical English: Double Fianchetto and Hedgehog} Nxd5 {[%emt 0:00:17] LiveBook: 29 Games} 5. e3 {[%emt 0:00:43]} (5. Bb2 Nc6 6. Nc3 Nf6 7. g3 e5 8. Bg2 Be7 9. O-O O-O 10. d3 Re8 11. Rc1 Bf5 12. Nd2 Rc8 13. Nde4 b6 14. a3 Nxe4 15. dxe4 Qxd1 16. Rfxd1 Be6 17. Nd5 Bf8 18. e3 {0-1 (40) Grischuk,A (2737)-Salem,A (2656) Doha 2016}) 5... Nc6 {[%emt 0:03:09]} 6. Bb2 {[%emt 0:00:58]} Bf5 {[%emt 0:03:41]} 7. Bb5 {[%emt 0:03:26]} Qb6 {[%emt 0:04:36]} 8. Qe2 $146 {[%emt 0:05:46]} (8. Na3 a6 9. Bxc6+ Qxc6 10. O-O Nb4 11. Ne5 Qc7 12. Qf3 {0-1 (61) Lopez Idarraga,D (2053)-Valle,E (2229) Ibague 2013}) 8... a6 {[%emt 0:05:03]} 9. Bxc6+ {[%emt 0:01:25]} Qxc6 {[%emt 0:00:10]} 10. Na3 $2 {[%emt 0:06:06]} (10. Ne5 $1 $14 {keeps the upper hand.} Qh6 11. Qf3) 10... Nb4 {[%emt 0:02:57]} 11. d4 {[%emt 0:08:00]} Nd3+ {[%emt 0:04:14]} 12. Kf1 {[%emt 0:03:13]} Nxb2 {[%emt 0:01:21]} 13. Ne5 {[%emt 0:00:29]} ({White has to play} 13. Qxb2 $15 Be4 14. dxc5) 13... Qf6 {[%emt 0:01:58]} 14. e4 {[%emt 0:01:41]} Bg6 {[%emt 0:04:02]} ({Don't play} 14... cxd4 15. exf5 Qxf5 16. Nb5 $15) 15. Qxb2 {[%emt 0:01:24]} e6 {[%emt 0:05:53]} ({But not} 15... Bxe4 16. Re1 Qf4 17. dxc5 $15) 16. Nac4 {[%emt 0:04:58]} Bxe4 {[%emt 0:03:52]} 17. f3 {[%emt 0:01:26]} (17. Re1 $17 {might work better.} Qf4 18. f3) 17... Bd5 {[%emt 0:01:33]} ({Black should play} 17... Rd8 $19 18. Re1 Rxd4) 18. Nb6 {[%emt 0:00:55]} Rd8 {[%emt 0:00:11]} 19. Re1 {[%emt 0:04:46]} (19. Qa3 $17 Bc6 20. Nxc6 bxc6 21. Qa4 Qxd4 22. Qxc6+ Ke7 23. Re1) 19... cxd4 {[%emt 0:05:23]} 20. Qc2 {[%emt 0:03:44]} Qe7 {[%emt 0:04:11]} 21. b4 {[%emt 0:08:25]} Qxb4 {[%emt 0:07:19]} 22. Nxd5 {[%emt 0:01:16]} Qb5+ {[%emt 0:02:29]} 23. Kf2 {[%emt 0:00:38]} Qxd5 {[%emt 0:00:16]} 24. Qa4+ {[%emt 0:00:29]} Qb5 {[%emt 0:05:19]} (24... b5 $142 25. Qxa6 d3 26. Qc6+ Qxc6 27. Nxc6 Bc5+ 28. Kg3 Rd6) 25. Qxb5+ {[%emt 0:03:08]} axb5 {[%emt 0:00:07]} 26. Rb1 {[%emt 0:00:15]} Rd5 {[%emt 0:00:12]} 27. f4 {[%emt 0:00:54]} Bd6 {[%emt 0:00:23]} 28. Rhc1 {[%emt 0:00:24]} Ke7 {[%emt 0:01:09]} ({Less strong is} 28... Bxe5 29. Rc8+ Rd8 30. Rxd8+ Kxd8 31. fxe5 $19) 29. a4 {[%emt 0:00:38]} Ra8 $19 {[%emt 0:06:38]} ({Weaker is} 29... Bxe5 30. fxe5 Rxe5 31. axb5 $19) 0-1

[Event "FRA-ch Youth 2017"]
[Site "Belfort"]
[Date "2017.04.23"]
[Round "9"]
[White "Milroy, Melena"]
[Black "Afraoui, Anaelle"]
[Result "0-1"]
[WhiteElo "1610"]
[BlackElo "1977"]
[Annotator "NA RC"]
[PlyCount "82"]
[EventDate "2017.??.??"]
[EventCountry "FRA"]
[SourceTitle "playchess.com"]
[Source "ChessBase"]
[SourceQuality "1"]
[TimeControl "5400+30"]

{[%evp 8,81,4,14,0,-8,3,0,29,-28,-22,-14,-22,-22,-12,-27,-18,-58,-29,32767,-28,-29,-10,32767,-6,-23,-9,-5,19,-29,-12,-110,-68,-164,-158,-214,-165,-177,-204,32767,32767,32767,32767,32767,-158,32767,-450,-493,66,-471,32767,-484,-499,-847,-87,-767,-553,-450,-1010,-922,32767,32767,-407,-443,-347,32767,-227,-807,-771,-29985,32767,-29981,-29988,-29988,-29986,-29991]} 1. e4 {[%emt 0:00:00]} c5 {[%emt 0:00:07]} 2. Nc3 {[%emt 0:00:00]} a6 {[%emt 0:00:06]} 3. f4 {[%emt 0:00:00]} b5 {[%emt 0:00:37]} 4. d3 {[%emt 0:00:40]} e6 {[%emt 0:00:14]} 5. Nf3 {[%emt 0:00:09]} Be7 {[%emt 0:00:22]} 6. Be2 {[%emt 0:00:19]} d6 {[%emt 0:00:28]} 7. O-O {[%emt 0:01:20]} Nf6 {[%emt 0:00:19]} 8. a4 {[%emt 0:02:54]} b4 {[%emt 0:03:26]} 9. Nb1 {[%emt 0:00:09]} O-O {[%emt 0:00:51]} 10. Nbd2 {[%emt 0:00:55]} Qc7 {[%emt 0:05:01]} 11. Qe1 {[%emt 0:02:51]} Nc6 {[%emt 0:03:55]} 12. Nh4 {[%emt 0:02:42]} Rb8 {[%emt 0:04:23]} 13. b3 {[%emt 0:00:20]} Nd4 {[%emt 0:00:20]} 14. Bd1 {[%emt 0:00:20]} Ne8 {[%emt 0:02:46]} 15. Ndf3 {[%emt 0:04:36]} Qd8 {[%emt 0:06:34]} 16. g3 {[%emt 0:07:44]} Nxf3+ {[%emt 0:05:12]} 17. Nxf3 {[%emt 0:01:09]} f5 {[%emt 0:01:08]} 18. e5 {[%emt 0:01:56]} dxe5 {[%emt 0:05:41]} 19. fxe5 {[%emt 0:00:06]} (19. Qxe5 $11 {remains equal.} Nc7 20. Ra2) 19... Bb7 {[%emt 0:00:20]} ({Black should play} 19... g5 $17 {And now ...g4 would win.} 20. Qe3 g4) 20. Rb1 {[%emt 0:01:00]} (20. h3 $17 {was called for.}) 20... g5 {[%emt 0:02:34]} 21. Rf2 {[%emt 0:09:14]} (21. Qe2 $17) 21... g4 {[%emt 0:03:25]} 22. Bh6 {[%emt 0:02:01]} Ng7 {[%emt 0:03:08]} 23. Nd2 {[%emt 0:05:14]} Qd5 {[%emt 0:01:12]} 24. Kf1 {[%emt 0:00:15]} Rf7 {[%emt 0:09:50]} 25. Qe3 {[%emt 0:04:01]} Rd8 $2 {[%emt 0:05:54]} (25... Qh1+ $19 {has better winning chances.} 26. Ke2 {[#]} f4 $1 {[%mdl 512]} 27. Rxf4 Nf5) 26. Qf4 {[%emt 0:01:50]} Nh5 {[%emt 0:08:44]} 27. Qe3 {[%emt 0:02:12]} Qh1+ {[%emt 0:00:38]} 28. Ke2 {[%emt 0:00:22]} f4 {[%emt 0:01:08]} 29. Bxf4 {[%emt 0:10:03]} Nxf4+ {[%emt 0:00:33]} 30. Rxf4 {[%emt 0:00:28]} Qxh2+ $2 {[%emt 0:02:40]} (30... Rxf4 $19 {has better winning chances.} 31. Qxf4 Rf8 32. Qxg4+ Kh8) 31. Rf2 $2 {[%emt 0:01:18]} (31. Qf2 $17 Qxf2+ 32. Kxf2) 31... Rxf2+ {[%emt 0:00:15]} 32. Qxf2 {[%emt 0:00:07]} Qh5 {[%emt 0:00:27]} 33. Nc4 {[%emt 0:05:06]} Rf8 {[%emt 0:02:00]} 34. Qg1 {[%emt 0:01:30]} Qf5 {[%emt 0:00:49]} (34... Rf3 $142 {Threatens to win with ...Qh3.} 35. Rc1 Qh3) 35. Ke1 {[%emt 0:01:19]} Bg5 {[%emt 0:02:18]} 36. Be2 {[%emt 0:01:55]} Bf3 {[%emt 0:02:29]} 37. Bf1 $2 {[%emt 0:08:35]} (37. Bxf3 gxf3 38. Kf1) 37... Bd5 {[%emt 0:01:11]} 38. Bg2 {[%emt 0:07:37]} Bxc4 {[%emt 0:02:30]} 39. bxc4 {[%emt 0:10:20]} Qxe5+ {[%emt 0:00:08]} 40. Kd1 {[%emt 0:01:05]} Qxg3 {[%emt 0:00:17]} 41. Ke2 {[%emt 0:00:28]} Be3 {[%emt 0:01:43]} 0-1

[Event "FRA-ch Youth 2017"]
[Site "Belfort"]
[Date "2017.04.23"]
[Round "9"]
[White "Parlas, Helin"]
[Black "Haussernot, Cecile"]
[Result "0-1"]
[WhiteElo "1606"]
[BlackElo "2107"]
[Annotator "NA RC"]
[PlyCount "54"]
[EventDate "2017.??.??"]
[EventCountry "FRA"]
[SourceTitle "playchess.com"]
[Source "ChessBase"]
[SourceQuality "1"]
[TimeControl "5400+30"]

{[%evp 8,54,-1,0,11,-4,32767,32767,18,32767,20,1,29,-7,-2,-2,-5,-65,-49,-47,-31,-41,-43,-37,-21,-43,0,32767,32767,32767,32767,32767,32767,32767,-431,32767,-399,-659,32767,-769,-751,32767,32767,-735,-742,32767,32767,-1012,-1079]} 1. d4 {[%emt 0:12:41]} Nf6 {[%emt 0:00:08]} 2. c4 {[%emt 0:00:06]} e6 {[%emt 0:00:09]} 3. Nc3 {[%emt 0:00:10]} Bb4 {[%emt 0:00:11]} 4. a3 {[%emt 0:01:18]} Bxc3+ $1 {[%emt 0:00:19]} 5. bxc3 {[%emt 0:00:08]} c5 {[%emt 0:01:04]} 6. e3 {[%emt 0:04:32] LiveBook: 494 Games} O-O {[%emt 0:11:47]} 7. Nf3 {[%emt 0:00:25]} Qa5 {[%emt 0:00:46] E24: Nimzo-Indian: Sämisch: Unusual Black 5th moves and 5...c5 sidelines} 8. Qc2 {[%emt 0:03:47]} d5 {[%emt 0:07:00]} 9. Bd2 {[%emt 0:03:12]} (9. Nd2 cxd4 10. cxd4 Bd7 11. Bd3 dxc4 12. Bxc4 Rc8 13. Qd3 Ba4 14. O-O Nbd7 15. Qe2 Rc7 16. Bd3 {0-1 (51) Tin,J (2439)-Indjic,A (2548) Baku 2016}) 9... Bd7 {[%emt 0:09:25]} 10. Bd3 $146 {[%emt 0:03:42]} (10. Qb2 Bc6 11. cxd5 exd5 12. Be2 Nbd7 13. O-O Rfe8 14. Rfd1 Rac8 15. h3 Ne4 16. c4 Nxd2 17. Nxd2 {0-1 (56) Tran,T (1921)-Doan,T (1946) Vietnam 2016}) 10... b5 {[%emt 0:04:07]} 11. cxd5 {[%emt 0:03:08]} c4 {[%emt 0:01:34]} 12. Be4 {[%emt 0:01:01]} (12. Be2 $11) 12... exd5 {[%emt 0:06:33]} 13. Bf5 {[%emt 0:00:42]} Bxf5 {[%emt 0:02:05]} 14. Qxf5 {[%emt 0:00:09]} Nc6 {[%emt 0:00:19]} 15. O-O {[%emt 0:04:59]} Ne7 {[%emt 0:00:49]} 16. Qc2 {[%emt 0:01:41]} Ne4 {[%emt 0:02:36]} 17. Ne5 {[%emt 0:00:29]} f6 {[%emt 0:00:27]} 18. Ng4 {[%emt 0:01:09]} h5 {[%emt 0:00:39]} 19. Be1 {[%emt 0:01:51]} hxg4 {[%emt 0:00:22]} 20. f3 {[%emt 0:00:07]} gxf3 {[%emt 0:03:22]} 21. gxf3 {[%emt 0:00:04]} Nf5 {[%emt 0:02:11]} 22. Bf2 {[%emt 0:01:21]} (22. fxe4 $142 Nxe3 23. Qe2 Nxf1 24. exd5) 22... Qxc3 {[%emt 0:00:23]} 23. Qxc3 {[%emt 0:00:37]} Nxc3 {[%emt 0:00:08]} 24. Rfe1 {[%emt 0:00:29]} Rfd8 {[%emt 0:06:22]} 25. Rac1 {[%emt 0:00:20]} Na4 {[%emt 0:00:17]} 26. Rcd1 {[%emt 0:00:05]} Nb2 {[%emt 0:00:22]} 27. Rc1 {[%emt 0:01:15]} Nd3 $19 0-1